01007nam a22002057a 450000500170000000700150001700800410003203500100007304000090008310000320009224501190012425600240024326000470026730000280031450602700034265000300061265000350064274000380067785600860071520240305165603.0cr|||| |||| 210426s2020 br |||||s|||| 00||0 por d a33156 avLex1 ado Amaral Loureiro, Gustavo10aEstado, democracia e sociedadeh[Recurso electrónico] :bdesafios contemporâneos /cGustavo do Amaral Loureiro aServicio en línea aBelo Horizonte:bInitia Via Editora,c2020 a1 recurso electrónico1 aDisponible solo en los productos indicadosdvLex GlobaldvLex Global (Academic Edition, excluding Law Schools)dvLex Global (U.S. Academic Edition, Law Schools)dvLex Global (U.S. Academic Edition, excluding Law Schools)dvLex Global (Academic Edition, Law Schools)04aCiencias socialeszBrasil04aDerecho ConstitucionalzBrasil0 avLex Libros (Servicio en línea)40uhttps://vlex.com/source/estado-democracia-sociedade-desafios-contempor-neos-33156